Sports Quiz

Random Sports or Clickable Quiz

Texas Teams Quiz Stats

 Plays Quiz not verified by Sporcle

Score 0/8 Timer 10:00
0 Plays Today
% Correct
Rangers
84.6%
Stars
80.8%
Astros
76.9%
Texans
69.2%
Cowboys
65.4%
Rockets
61.5%
Mavericks
53.8%
Spurs
38.5%

You're not logged in!

Compare scores with friends on all Sporcle quizzes.
OR
Log In

Show Comments

Extras

Created Mar 31, 2016ReportNominate
Tags:Clickable Quiz, tea, team

Top Quizzes Today


Score Distribution

Your Account Isn't Verified!

In order to create a playlist on Sporcle, you need to verify the email address you used during registration. Go to your Sporcle Settings to finish the process.

Report this User

Report this user for behavior that violates our Community Guidelines.

Details: